000 00708nam a2200205Ia 4500
005 20241129111243.0
008 241129s9999||||xx |||||||||||||| ||und||
037 _aTB
040 _aCRL
_bpun
_cCRL
041 _apun
_2pun
084 _aO153,3NDEx Q5
_qCRL
100 _aਦਿਓਲ, ਮਨਧੀਰ ਸਿੰਘ, ਥਦ।
245 0 _aਦਿਓਲ ਦੀਆਂ ਕਹਾਣੀਆਂ
_cਦਿਓਲ, ਮਨਧੀਰ ਸਿੰਘ, ਥਦ।
260 _aਦਿੱਲੀ, ਭਾਰਤ
_bਆਰਸੀ ਪਬਲਿਸ਼ਰਜ਼
_c2015
300 _a151ਪ੍ਰ0
365 _aINR
_b280
650 _aPunjabi LiteratureFiction
942 _cTB
_hO153,3NDEx Q5
999 _c1229597
_d1229597